000 02642nam0a2200421 i 4500
001 RU\NLR\bibl\1963159
005 20260408094407.0
010 _a9785904868079
_9500
021 _aRU
_b2012-76853
_95702
035 _a(nilc)RSL-KNO-005508667
035 _a(NLR Aleph) 001952145
090 _a3709957
_c3709957
100 _a20121015d2011 k y0rusy50 ca
101 0 _arus
_aeng
102 _aRU
105 _aa zzzz|||||
200 1 _aСейсмическая опасность и управление сейсмическим риском на Кавказе
_dSeismic hazard and seismic risk management in Caucasus
_eтруды IV Кавказской международной школы-семинара молодых ученых, Владикавказ, 24-26 октября 2011 г.
_f[под ред. В. Б. Заалишвили]
_zeng
210 _aВладикавказ
_cЦентр геофизических исследований ВНЦ РАН и РСО-А
_d2011
215 _a459 с.
_cил., табл., цв. ил.
_d21
300 _aВ надзаг.: Российская акад. наук, Российская ассоц. по сейсмостойкому стр-ву и защите от природных и техногенных. воздействий, Владикавказский науч. центр, Центр геофиз. исслед.
300 _aТекст рус., англ.
320 _aБиблиогр. в конце докл.
510 1 _aSeismic hazard and seismic risk management in Caucasus
_zeng
606 1 _aСейсмическая опасность
_jСъезды, совещания и т.п.
_yКавказ
_92495106
_3RU\NLR\auth\661480196
606 1 _aСейсмостойкое строительство
_jСъезды, совещания и т.п.
_yКавказ
_92613826
_3RU\NLR\auth\661550384
686 _aД9(24)217я431(0)
_2rubbk
686 _aД217я431(0)
_2rubbk
686 _aД217.9(24)я431(0)
686 _aН798я431(0)
702 1 _aЗаалишвили
_bВ. Б.
_gВладислав Борисович
_4340
711 1 2 _a"Сейсмическая опасность и управление сейсмическим риском на Кавказе", кавказская международная школа-семинар молодых ученых
_d4
_f2011
_eВладикавказ
_3RU\NLR\AUTH\8810235217
_9355611
801 0 _aRU
_bRuMoRKP
_c20121015
_grcr
801 1 _aRU
_bРГБ
_c20121015
801 2 _aRU
_bNLR
_c20121102
_grcr
942 _cBOOK
980 _aNBR